000 00318pab a2200145 454500
008 180718b2004 xxu||||| |||| 00| 0 eng d
100 _aGatade, Subhash
245 _aSewers as death traps'
260 _c2004
300 _ap.13-14.
362 _a3 Jul
650 _aSewers
773 _aMainstream
909 _a61332
999 _c61332
_d61332